000 00491nam a2200157Ia 4500
008 210716s2016 xx 000 0 und d
020 _a9788126558230
041 _aeng
082 _a004.65 MIND
100 _aMinoli, Daniel.
245 _aBuilding the internet of things with IPv6 and MIPv6: the evolving world of M2M communications.
_bThe evolving world of M2M communications.
250 _a1
260 _aNew Delhi
_bWILEY
_c2016
300 _axviii,371
650 _aComputer Networks
999 _c196208
_d196208